000 00607nam a22002177a 4500
003 UA-OsUOA
001 119796
007 ta
008 20161118b un ||||| |||| 00| 0 ukr d
100 _aРудь В.С.
090 _a902
_bР83
942 _cSA
040 _aUA-OsUOA
_bukr
_cUA-OsUOA
_dUA-OsUOA
245 _aЗаглиблені об'єкти з поселення Тростянчик
300 _aС.65-76
955 _a0
041 _aukr
080 _a902
773 0 _w119791
_tАрхеологія
_dК.
_d2016
_g3
650 7 _a9 Географія. Біографії. Історія
_2UDC
999 _c405989
_d405989